Biggest Cities in Latvia - Statistics

General Stats
  • This quiz has been taken 1,572 times
    1,560 since last reset
  • The average score is 7 of 10
Answer Stats
Population City % Correct
705,703 Riga
100%
103,053 Daugavpils
83%
83,884 Liepãja
76%
42,657 Ventspils
74%
56,147 Jürmala
69%
64,748 Jelgava
65%
34,912 Rezekne
55%
27,217 Valmiera
53%
26,167 Ogre
48%
26,378 Jēkabpils
46%
No matching quizzes found
Score Distribution
Percent of People with Each Score
Percentile by Number Answered
Your Score History
You have not taken this quiz since the last reset